000 00307pam a2200121 a 4500
020 _c
041 _h
100 _aRAJESH GOPAL.,
_eAUTHOR.
245 _aDymaics of Tiger Management in Priority Landscapes
_hTextual Documents
260 _a[s.l]:
_b[NATRAJ PUBLISHERS.
300 _a316.
930 _a2750
999 _c248601
_d248601